00509nam a2200193 a 4500001001300000003000900013005001700022008004100039020001000080082001500090100002400105245004100129260003700170300000900207500003500216505001700251650002300268700002400291nice12345678IN_TiNIC20260116015110.0050524s1977 caia grp 000 0 eng  ac35000a276.2bMEI aMeinardus, Otto F A aChristian Egyptb Ancient and Modern aCairobAmerican Universityc1977 a708p aincludes index and biblioraphy2 aNotes, Index aChristianity-Egypt1 aMeinardus, Otto F A